[Event "Porto Alegre op"]
[Site "Porto Alegre"]
[Date "2013.08.03"]
[Round "3"]
[White "Bordignon, Alexandro"]
[Black "Noronha, Natanael Muana C"]
[Result "1-0"]
[WhiteElo "2066"]
[BlackElo "1820"]
[PlyCount "127"]
[EventDate "2013.07.06"]
[EventType "swiss"]
[EventRounds "6"]
[EventCountry "BRA"]
[SourceTitle "EXT 2014"]
[Source "ChessBase"]
[SourceDate "2013.11.20"]
[SourceVersion "1"]
[SourceVersionDate "2013.11.20"]
[SourceQuality "1"]

1. Nf3 Nf6 2. g3 b6 3. Bg2 Bb7 4. c3 e6 5. 0-0 d5 6. d3 Nbd7 7. Nbd2 a5 8. Qa4 Be7 9. Ne5 0-0 10. Nc6 Bxc6 11. Qxc6 Ne5 12. Qa4 Qd7 13. Qxd7 Nexd7 14. Nf3 Bc5 15. Bd2 b5 16. b3 Rfc8 17. Rac1 a4 18. b4 Bd6 19. Nd4 c6 20. c4 bxc4 21. dxc4 Be5 22. e3 Nb6 23. cxd5 cxd5 24. Nc6 Bd6 25. b5 Nc4 26. Rxc4 dxc4 27. Rc1 Nd5 28. Rxc4 Kf8 29. Bxd5 exd5 30. Rd4 Bc5 31. Rxd5 Bb6 32. Bb4+ Kg8 33. Ne7+ Kh8 34. Nxc8 Rxc8 35. a3 f6 36. Rd6 Rb8 37. Rc6 Kg8 38. Kf1 Kf7 39. Ke2 Bd8 40. Ra6 Rxb5 41. Rxa4 Rb7 42. Ra8 Bb6 43. Rf8+ Ke6 44. Re8+ Kf7 45. Re4 h6 46. Rc4 Bc7 47. Kd3 Be5 48. Kc2 Ke6 49. f4 Bb8 50. e4 g5 51. f5+ Kf7 52. Bc3 Ra7 53. a4 Ra6 54. Kb3 h5 55. a5 h4 56. gxh4 gxh4 57. h3 Bd6 58. Ka4 Ra7 59. Rc6 Be7 60. a6 Bd8 61. Be1 Rd7 62. Re6 Rd1 63. Bxh4 Rd7 64. Bf2 1-0

[Event "Porto Alegre op"]
[Site "Porto Alegre"]
[Date "2013.08.03"]
[Round "4"]
[White "Da Silva, Joao Carlos Orguim"]
[Black "Bordignon, Alexandro"]
[Result "1/2-1/2"]
[WhiteElo "1895"]
[BlackElo "2066"]
[PlyCount "115"]
[EventDate "2013.07.06"]
[EventType "swiss"]
[EventRounds "6"]
[EventCountry "BRA"]
[SourceTitle "EXT 2014"]
[Source "ChessBase"]
[SourceDate "2013.11.20"]
[SourceVersion "1"]
[SourceVersionDate "2013.11.20"]
[SourceQuality "1"]

1. Nf3 Nf6 2. c4 g6 3. Nc3 Bg7 4. g3 0-0 5. Bg2 d6 6. 0-0 e5 7. d3 c6 8. e4 Nbd7 9. b4 a5 10. b5 Nc5 11. a4 h6 12. Qc2 Qc7 13. Be3 Ng4 14. Bxc5 dxc5 15. h3 Nf6 16. Nd2 Rd8 17. Rad1 Nd7 18. Nb3 Qd6 19. Qd2 Nf8 20. Qe3 Ne6 21. Ne2 Nd4 22. Nbxd4 cxd4 23. Qd2 cxb5 24. axb5 Bd7 25. Ra1 b6 26. f4 f6 27. f5 g5 28. g4 Kf7 29. Qa2 Kf8 30. Rfb1 Be8 31. Bf3 Bf7 32. Nc1 Kg8 33. Qa4 Bf8 34. Rb3 Qc7 35. Na2 Bc5 36. Rbb1 Kf8 37. Qd1 Ke7 38. Nc1 Rh8 39. Kg2 Rag8 40. Ne2 h5 41. Ng3 hxg4 42. Bxg4 Rg7 43. Qf3 Rgh7 44. Rh1 Bb4 45. Qe2 Bc3 46. Ra4 Bb4 47. Qd1 Rd8 48. Ra2 Rc8 49. Qe2 Rhh8 50. Rc1 Qc5 51. Rb1 Rhd8 52. Nf1 Qd6 53. Rd1 Bc3 54. Ra4 Rh8 55. Ng3 Bb4 56. Nf1 Rc7 57. Ra2 Ra8 58. Ra4 1/2-1/2

[Event "Porto Alegre op"]
[Site "Porto Alegre"]
[Date "2013.07.06"]
[Round "1"]
[White "Bordignon, Alexandro"]
[Black "Perondi, Rodolfo Antonio"]
[Result "1-0"]
[WhiteElo "2066"]
[BlackElo "1852"]
[PlyCount "91"]
[EventDate "2013.07.06"]
[EventType "swiss"]
[EventRounds "6"]
[EventCountry "BRA"]
[SourceTitle "EXT 2014"]
[Source "ChessBase"]
[SourceDate "2013.11.20"]
[SourceVersion "1"]
[SourceVersionDate "2013.11.20"]
[SourceQuality "1"]

1. Nf3 Nf6 2. g3 b5 3. Bg2 Bb7 4. c3 e5 5. Qb3 e4 6. Ng5 Bd5 7. Qxb5 c6 8. Qa4 Qe7 9. c4 h6 10. cxd5 hxg5 11. dxc6 d5 12. c7+ Nbd7 13. Qc6 Rc8 14. Nc3 Qc5 15. Qxc5 Nxc5 16. b4 Ne6 17. a3 Rxc7 18. Bb2 Nd4 19. 0-0 Rxc3 20. dxc3 Nxe2+ 21. Kh1 Ng4 22. h3 Bd6 23. Rae1 Nxf2+ 24. Rxf2 Nxg3+ 25. Kg1 f5 26. Rd2 Bc7 27. c4 dxc4 28. Bxg7 Rh7 29. Bd4 c3 30. Rc2 Rd7 31. Bxa7 Rd3 32. b5 Bd6 33. a4 Ke7 34. Bf2 Bf4 35. a5 Bd2 36. Bxg3 Rxg3 37. Re2 Be3+ 38. Kf1 Bc5 39. Re1 Rd3 40. Rb1 Kd7 41. b6 Kc8 42. Rb5 Rd1+ 43. Ke2 Rg1 44. Bf1 Bd4 45. Rd5 Bf6 46. Kf2 1-0

[Event "Porto Alegre op"]
[Site "Porto Alegre"]
[Date "2012.09.09"]
[Round "6"]
[White "Deste, Dayan Kuhn"]
[Black "Bordignon, Alexandro"]
[Result "1/2-1/2"]
[WhiteElo "1965"]
[BlackElo "1974"]
[PlyCount "124"]
[EventDate "2012.09.06"]
[EventType "swiss"]
[EventRounds "7"]
[EventCountry "BRA"]
[SourceTitle "CBM 150 Extra"]
[Source "ChessBase"]
[SourceDate "2012.10.19"]
[SourceVersion "1"]
[SourceVersionDate "2012.10.19"]
[SourceQuality "1"]

1. e4 d6 2. d4 Nf6 3. Nc3 g6 4. f4 Bg7 5. Nf3 0-0 6. e5 Nfd7 7. h4 c5 8. h5 cxd4 9. Qxd4 Nc6 10. Qf2 e6 11. hxg6 hxg6 12. Ng5 dxe5 13. Qh4 Re8 14. Qh7+ Kf8 15. Nce4 Nf6 16. Nxf6 Qxf6 17. Ne4 Qd8 18. fxe5 Qa5+ 19. Bd2 Qxe5 20. Bd3 Qxb2 21. 0-0 Qd4+ 22. Kh1 Qe5 23. Qxg6 Re7 24. Bc3 Nd4 25. Ng5 Nf5 26. Bxe5 fxg6 27. Rae1 Bxe5 28. Rxe5 Kg7 29. Rf3 Kf6 30. Bxf5 gxf5 31. Rc5 Kxg5 32. Rg3+ Kf4 33. Rg8 b6 34. Rcxc8 Rxc8 35. Rxc8 Rh7+ 36. Kg1 e5 37. Kf2 Rd7 38. g3+ Ke4 39. Ke2 Rd4 40. Rc3 Kd5 41. Ra3 a5 42. Rb3 Rb4 43. Rd3+ Ke6 44. a3 Rc4 45. Kd2 b5 46. Rb3 b4 47. axb4 Rxb4 48. Ra3 Rg4 49. Rxa5 Rxg3 50. Ra6+ Ke7 51. Ra7+ Kf6 52. Ra6+ Kg5 53. c4 Kf4 54. c5 Rg7 55. c6 e4 56. Ra3 Ke5 57. Ra5+ Ke6 58. Ke3 Rg6 59. Kd2 Rg3 60. Ke2 Rd3 61. Rc5 Kd6 62. c7 Kxc5 1/2-1/2

[Event "Porto Alegre op"]
[Site "Porto Alegre"]
[Date "2012.09.08"]
[Round "5"]
[White "Bordignon, Alexandro"]
[Black "Silva, Eduardo Munoa"]
[Result "0-1"]
[WhiteElo "1974"]
[BlackElo "2206"]
[PlyCount "68"]
[EventDate "2012.09.06"]
[EventType "swiss"]
[EventRounds "7"]
[EventCountry "BRA"]
[SourceTitle "CBM 150 Extra"]
[Source "ChessBase"]
[SourceDate "2012.10.19"]
[SourceVersion "1"]
[SourceVersionDate "2012.10.19"]
[SourceQuality "1"]

1. Nf3 Nf6 2. g3 b5 3. Bg2 Bb7 4. 0-0 e6 5. c3 Be7 6. d3 d5 7. Nbd2 0-0 8. Re1 c5 9. Qc2 Qc7 10. e4 dxe4 11. Nxe4 Nxe4 12. dxe4 e5 13. Be3 Nd7 14. Rad1 Nb6 15. h4 Bc8 16. Qe2 a6 17. Nd2 Be6 18. b3 Rad8 19. c4 bxc4 20. Nxc4 Nxc4 21. bxc4 Qa5 22. f3 Qa4 23. Bf1 Rxd1 24. Rxd1 Bxc4 25. Qd2 Be6 26. Rc1 c4 27. Qc3 Ba3 28. Rb1 f6 29. Be2 Rd8 30. Kf2 a5 31. Kg1 Bb4 32. Qc1 c3 33. Bd1 Qxa2 34. Bc2 Ba3 0-1

[Event "Porto Alegre op"]
[Site "Porto Alegre"]
[Date "2012.09.07"]
[Round "3"]
[White "Gauche, Charles"]
[Black "Bordignon, Alexandro"]
[Result "1-0"]
[WhiteElo "2230"]
[BlackElo "1974"]
[PlyCount "51"]
[EventDate "2012.09.06"]
[EventType "swiss"]
[EventRounds "7"]
[EventCountry "BRA"]
[SourceTitle "CBM 150 Extra"]
[Source "ChessBase"]
[SourceDate "2012.10.19"]
[SourceVersion "1"]
[SourceVersionDate "2012.10.19"]
[SourceQuality "1"]

1. Nf3 Nf6 2. c4 g6 3. g3 Bg7 4. Bg2 0-0 5. 0-0 d6 6. Nc3 e5 7. d3 c6 8. Rb1 Re8 9. e4 a5 10. h3 Nbd7 11. d4 exd4 12. Nxd4 Nc5 13. Re1 Qc7 14. b3 Nfd7 15. Be3 Ne5 16. Re2 Ne6 17. f4 Nd7 18. Kh2 Ndc5 19. Nxe6 Bxe6 20. Bd4 Rad8 21. Bxg7 Kxg7 22. Qd4+ Kg8 23. Rd1 Bc8 24. e5 Ne6 25. exd6 Nxd4 26. dxc7 1-0

[Event "Dois Irmaos op"]
[Site "Dois Irmaos"]
[Date "2011.12.18"]
[Round "5"]
[White "Pertuzatti, Daniel"]
[Black "Bordignon, Alexandro"]
[Result "0-1"]
[WhiteElo "1993"]
[BlackElo "1974"]
[PlyCount "58"]
[EventDate "2011.12.16"]
[EventType "swiss"]
[EventRounds "6"]
[EventCountry "BRA"]
[SourceTitle "CBM 146 Extra"]
[Source "ChessBase"]
[SourceDate "2012.02.29"]
[SourceVersion "1"]
[SourceVersionDate "2012.02.29"]
[SourceQuality "1"]

1. e4 d6 2. d4 Nf6 3. Bd3 g6 4. f4 Bg7 5. Nf3 c5 6. dxc5 Qa5+ 7. Bd2 Qxc5 8. Bc3 Nc6 9. Qe2 0-0 10. a3 Bg4 11. Nbd2 Nh5 12. Bxg7 Nxf4 13. Nb3 Kxg7 14. Nxc5 Nxe2 15. Nxb7 Bxf3 16. gxf3 Ned4 17. Kf2 Rab8 18. Ba6 Ne6 19. b4 Nc7 20. b5 Nxa6 21. bxa6 Rbc8 22. Rhc1 Nb8 23. c4 Nxa6 24. Rc3 Rc7 25. Na5 Rb8 26. Rac1 Nc5 27. Ke3 Rb6 28. Ra1 Rc8 29. Ra2 Rcb8 0-1